000 00444nam a2200169Ia 4500
003 GCL
008 140319s9999 xx 000 0 eng d
040 _aGCL /
_cGCL
082 0 4 _a670
_bC.M
100 1 _aFAIRHURST, JOHN
245 1 0 _aMANUFACTURING SYSTEMS, THEORY AND PRACTICE /
_cFAIRHURST, JOHN
260 _a[S.N] :
_bMACMILLAN PUBLISHING COMPANY
300 _a419 P
650 0 4 _aSYSTEM ANALYSIS
650 0 4 _aSYSTEM
942 _2ddc
_cBK
999 _c11831
_d11831